000 00269nam a2200109Ia 4500
008 220204s9999 xx 000 0 und d
082 _a82-3
_bSHA
100 _aShakespeare, William
245 0 _aTwelfth night
260 _aKuala Lumpur
_bPerusahaan Printek
942 _cBK
999 _c38643
_d38643